Länderumrisse auf einer Weltkarte #3 - Statistiken

Allgemein
  • Dieses Quiz wurde 24.367 mal gespielt
  • Das Durchschnittsergebnis liegt bei 18 aus 20
Antworten auf der Karte
Die Antworten werden auf der Karte rot bzw. grün angezeigt, abhängig davon wie oft sie richtig erraten wurden.
 
Antwortstatistiken
Land % Korrekt
Australien
99%
Brasilien
99%
Irland
99%
Italien
99%
Norwegen
99%
Portugal
99%
Chile
98%
Türkei
98%
Belarus
97%
Madagaskar
96%
Saudi-Arabien
94%
Kasachstan
93%
Tunesien
89%
Nepal
87%
Namibia
80%
Kambodscha
77%
Nicaragua
76%
Senegal
74%
Tansania
72%
Kamerun
70%
Keine übereinstimmenden Quizze gefunden
Verteilung der Resultate
Anzahl Personen mit jedem Resultat
Perzentil nach korrekt beantworteten Fragen
Ihre Resultats-Entwicklung
Sie haben dieses Quiz noch nicht gespielt